Daniel Gabriel Lichard šíriteľ vzdelanosti a pokroku

Bibliographic Details
Main Author: Pasiar, Štefan, 1913-1986 (Author)
Format: Book
Language:Slovak
PhysicalDescription:108, [4] s. 21 cm
Published: Martin Osveta 1953
Edition:1. vyd.
Series:Knižnica osvety
Subjects:

MARC

LEADER 00000cam a2200000 a 4500
001 vtls008389498
003 SK-MaSNL
005 20260301145309.0
008 230403s1953 xo g 000 0bslo
015 |a SNBA19451955-008832 
020 |q (broožované) 
035 |a SK01SNKBKSFS20010081715 
035 |a urn:nbn:sk:snk-am3i549 
035 |a EEBFFBDB-F324-44D8-9718-13FFB7CA0B1A 
035 |a urn:nbn:sk:snk-am00dkeu 
035 |a SKM000084178 
040 |a SNK  |b slo  |c SNK  |e AACR2 
041 0 |a slo 
044 |a xo  |c SK 
072 7 |a 929  |x Biografie  |2 konspekt 
080 |a 929-058.1  |2 2011 
080 |a 929  |x Biografie  |2 konspekt 
080 |a 070.42  |2 2011 
080 |a 37.011.3-051  |2 2011 
100 1 |a Pasiar, Štefan,  |d 1913-1986  |4 aut  |9 222560 
245 1 0 |a Daniel Gabriel Lichard  |b šíriteľ vzdelanosti a pokroku  |c Štefan Pasiar 
250 |a 1. vyd. 
260 |a Martin  |b Osveta  |c 1953 
300 |a 108, [4] s.  |c 21 cm 
366 |e 2500 výt. 
490 1 |a Knižnica osvety  |v sv. 34 
500 |a Brožovaná 
504 |a Obsahuje bibliografiu 
600 1 |a Lichard, Daniel Gabriel,  |d 1812-1882  |2 SNKMA  |9 10856 
650 0 7 |a osobnosti  |2 SNKPH  |9 29820 
650 0 7 |a novinári  |2 SNKPH  |9 24785 
650 0 7 |a Celebrities  |2 SNKPHeng  |9 265203 
650 0 7 |a Journalists  |2 SNKPHeng  |9 110759 
650 0 7 |a učitelia  |2 SNKPH  |9 3995 
650 0 7 |a Teachers  |2 SNKPHeng  |9 275931 
655 7 |a biografie  |2 SNKPH  |9 27965 
655 7 |a Biography  |2 SNKPHeng  |9 266314 
830 0 |a Knižnica osvety  |9 307598 
852 |a Slovenská národná knižnica 
954 |a odborná, vedecká literatúra pôvodná (slovenská)  |2 lita 
958 |a RK 
958 |a TL 
958 |a BX 
958 |a OND 
958 |a EUIPO 
999 |c 779751  |d 781681 
952 |a SNK  |b SNK  |y VYP  |7 0  |p 17A0221463  |o snkSD 6474/34 D1  |i snkI. 3058/54  |0 0  |1 0  |4 0  |d 1999-12-17  |l 0  |r 2005-01-02 00:00:00  |w 2026-02-24 
952 |a SNK  |b SNK  |y PREZ  |7 0  |p 17A0911940  |o snkSD 6474/34  |i snk444/54  |0 0  |1 0  |4 0  |d 2019-03-11  |f 1  |l 0  |r 2025-11-14 00:00:00  |w 2026-02-24